000 00983nam a2200229 i 4500
001 154505
003 ES-MaACL
005 20230906205746.0
008 040712q18611868fr a |||| | fre d
040 _aCAM
_bspa
_cCAM
100 1 _aGondrecourt, Aristide-Henri-Ange de.
_9127383
245 1 4 _aLes péchés mignons /
_cpar A. de Gondrecourt.
260 _aScéaux (Seine) :
_b[s.n.],
_c[s.a.] (
_fTypographie Dépée)
300 _a192 p. :
_bil. ;
_c28 cm.
505 8 _aContiene : Première partie : p. 1-48 ; Seconde partie, "L'Abbé de Brionne" : p.49-95 ; Troisième partie, "Les trois camps" : p.98-192
594 _aTít. y autor tomados del principio del texto.
596 _aEl impresor ejerce ca. 1861-1868, según consta en CCPB.
596 _aColofón en cada parte.
597 _aTexto a dos col.
599 _aIl. alegóricas intercaladas en el texto.
852 _aES-MaACL
_jR-1707(3)
_z-- Enc. hol., falto de la cub. original
_z-- Enc. en un vol. facticio
999 _c154505
_d154505